Länder mit den wenigsten Einwohner(15) - Statistiken

Allgemein
  • Dieses Quiz wurde 212 mal gespielt
  • Das Durchschnittsergebnis liegt bei 11 aus 15
Antwortstatistiken
Einwohnerzahl in Tausend Land % Korrekt
0.815 Vatikanstadt
98%
33.8 San Marino
92%
38 Liechtenstein
90%
77.1 Andorra
89%
38.9 Monaco
88%
11.6 Tuvalu
74%
10.700 Nauru
73%
52.8 St. Kitts und Nevis
71%
18.0 Palau
70%
104.5 Tonga
69%
110.5 St. Vincent und die Grenadinen
67%
97.1 Antigua und Barbuda
58%
58.7 Marshallinseln
56%
97.7 Seychellen
56%
71.8 Dominica
51%
Keine übereinstimmenden Quizze gefunden
Verteilung der Resultate
Anzahl Personen mit jedem Resultat
Perzentil nach korrekt beantworteten Fragen
Ihre Resultats-Entwicklung
Sie haben dieses Quiz noch nicht gespielt